La Formació ocupacional com a eina d'una estratègia de desenvolupament local
ISBN:
84-7794-534-9
Descripción Física:
137 p. ; 23 cm
Colección:
Eines per al desenvolupament local ; 6
MARC
| LEADER | 00000nam a2200000Ia 4500 | ||
|---|---|---|---|
| 001 | 11826 | ||
| 008 | 160829s1998 xx 000 0 cat d | ||
| 020 | |a 84-7794-534-9 | ||
| 080 | |a E-1-86 | ||
| 245 | |a La Formació ocupacional com a eina d'una estratègia de desenvolupament local | ||
| 260 | |a Barcelona : |b Diputació de Barcelona, Servei de Foment a l'Ocupació, |c 1998 | ||
| 300 | |a 137 p. ; |c 23 cm | ||
| 490 | |a Eines per al desenvolupament local ; 6 | ||
| 590 | |a Bibliografia. | ||
| 590 | |a Glossari | ||
| 650 | 0 | |a Formació ocupacional |9 36893 | |
| 650 | |a Atur |9 42196 | ||
| 710 | 1 | |a Barcelona (Catalunya : Província). |b Servei de Foment a l'Ocupació |9 54333 | |
| 901 | |a Arxiu | ||
| 942 | |n 1 | ||
| 952 | |0 0 |1 0 |4 0 |6 E186 |7 1 |9 45632 |a Arxiu |b Arxiu |d 2016-12-01 |l 0 |o E-1-86 |p 11826 |r 2016-12-01 00:00:00 |w 2016-12-01 |y ARXIU | ||
| 999 | |c 49131 |d 49131 | ||